[Event "25th Klatovy A 2017"]
[Site "Klatovy CZE"]
[Date "2017.07.03"]
[Round "3.4"]
[White "Parizek, Vojtech"]
[Black "Novotny, Michal"]
[Result "1/2-1/2"]
[WhiteElo "2065"]
[BlackElo "2264"]
[PlyCount "42"]
[EventDate "2017.07.01"]
[EventType "swiss"]
[EventRounds "9"]
[EventCountry "CZE"]
[SourceTitle "EXT 2018"]
[Source "ChessBase"]
[SourceDate "2017.10.13"]
[SourceVersion "1"]
[SourceVersionDate "2017.10.13"]
[SourceQuality "1"]

1. e4 c6 2. d4 d5 3. exd5 cxd5 4. c4 Nf6 5. Nc3 Nc6 6. Nf3 Bg4 7. cxd5 Nxd5 8. Qb3 Bxf3 9. gxf3 e6 10. Qxb7 Nxd4 11. Bb5+ Nxb5 12. Qc6+ Ke7 13. Qxb5 Qd7 14. Nxd5+ Qxd5 15. Qxd5 exd5 16. Be3 Ke6 17. O-O-O Rc8+ 18. Kb1 Bc5 19. Rhe1 Bxe3 20. Rxe3+ Kd6 21. Ra3 Rhe8 1/2-1/2

[Event "25th Klatovy A 2017"]
[Site "Klatovy CZE"]
[Date "2017.07.03"]
[Round "3.5"]
[White "Mulenko, Alexander"]
[Black "Kopta, Pavel"]
[Result "1/2-1/2"]
[WhiteElo "2050"]
[BlackElo "2238"]
[PlyCount "78"]
[EventDate "2017.07.01"]
[EventType "swiss"]
[EventRounds "9"]
[EventCountry "CZE"]
[SourceTitle "EXT 2018"]
[Source "ChessBase"]
[SourceDate "2017.10.13"]
[SourceVersion "1"]
[SourceVersionDate "2017.10.13"]
[SourceQuality "1"]

1. Nf3 g6 2. g3 Bg7 3. d4 Nf6 4. c4 O-O 5. Nc3 d5 6. cxd5 Nxd5 7. Bg2 c5 8. e4 Nxc3 9. bxc3 cxd4 10. cxd4 Nc6 11. Be3 Bg4 12. e5 Qa5+ 13. Qd2 Qxd2+ 14. Nxd2 Rfd8 15. Nb3 Rac8 16. O-O b6 17. f4 Nb4 18. Bf2 Be2 19. Rfc1 e6 20. Bb7 Rc4 21. Nd2 Rxc1+ 22. Rxc1 Nxa2 23. Ra1 Nc3 24. Rxa7 Rd7 25. Ra8+ Bf8 26. Rb8 Kg7 27. Bc6 Ra7 28. Rxb6 Ra2 29. Be1 Ba6 30. Bf3 Ne2+ 31. Bxe2 Bxe2 32. Kf2 Bc4 33. Ke3 Ra3+ 34. Kf2 Bd5 35. Ke2 Be7 36. Rb8 Ra4 37. Bf2 Bb4 38. Be3 Ba5 39. Rb2 Bc3 1/2-1/2

[Event "25th Klatovy A 2017"]
[Site "Klatovy CZE"]
[Date "2017.07.03"]
[Round "3.6"]
[White "Krutsky, Martin"]
[Black "Burnett, Andrew"]
[Result "1-0"]
[WhiteElo "2045"]
[BlackElo "2211"]
[PlyCount "95"]
[EventDate "2017.07.01"]
[EventType "swiss"]
[EventRounds "9"]
[EventCountry "CZE"]
[SourceTitle "EXT 2018"]
[Source "ChessBase"]
[SourceDate "2017.10.13"]
[SourceVersion "1"]
[SourceVersionDate "2017.10.13"]
[SourceQuality "1"]

1. e4 c5 2. Nf3 d6 3. d4 Nf6 4. Nc3 cxd4 5. Nxd4 g6 6. Bc4 Bg7 7. O-O O-O 8. Re1 Nc6 9. Bb3 Bd7 10. Bg5 Nxd4 11. Qxd4 h6 12. Bh4 g5 13. Bg3 Nh5 14. Qd3 Nxg3 15. hxg3 Bc6 16. Rad1 a6 17. Ne2 Bxb2 18. c3 Bb5 19. c4 Bc6 20. Bc2 Bg7 21. e5 f5 22. exf6 Rxf6 23. Nd4 Bd7 24. Qh7+ Kf7 25. c5 d5 26. Bf5 Rc8 27. Re5 e6 28. Nxe6 Bxe6 29. Bxe6+ Rxe6 30. Rf5+ Rf6 31. Rfxd5 Qe7 32. Rd7 Rc7 33. Rxe7+ Rxe7 34. Rd6 Rc7 35. Qe4 Re7 36. Qd5+ Kg6 37. f4 gxf4 38. gxf4 Re1+ 39. Kh2 Re7 40. g4 Re2+ 41. Kg3 Re3+ 42. Kf2 Re7 43. Qf5+ Kf7 44. Rxf6+ Bxf6 45. g5 hxg5 46. fxg5 Re6 47. Kg3 b6 48. c6 1-0

[Event "25th Klatovy A 2017"]
[Site "Klatovy CZE"]
[Date "2017.07.03"]
[Round "3.7"]
[White "Weber, Dirk"]
[Black "Chmel, Kristian"]
[Result "1-0"]
[WhiteElo "2269"]
[BlackElo "2128"]
[PlyCount "117"]
[EventDate "2017.07.01"]
[EventType "swiss"]
[EventRounds "9"]
[EventCountry "CZE"]
[SourceTitle "EXT 2018"]
[Source "ChessBase"]
[SourceDate "2017.10.13"]
[SourceVersion "1"]
[SourceVersionDate "2017.10.13"]
[SourceQuality "1"]

1. e4 c5 2. Nc3 d6 3. f4 g6 4. Nf3 Bg7 5. g3 Nc6 6. Bg2 Nh6 7. d3 O-O 8. O-O f5 9. Re1 Nf7 10. Be3 Nd4 11. Nh4 e6 12. Qd2 Bf6 13. Bf2 g5 14. Nf3 gxf4 15. gxf4 Kh8 16. Kh1 Rg8 17. Nxd4 cxd4 18. Ne2 e5 19. exf5 Bxf5 20. Ng3 Qd7 21. Nxf5 Qxf5 22. Bg3 Rxg3 23. hxg3 Qh5+ 24. Kg1 Rg8 25. Qe2 Qh6 26. Qf2 Qh5 27. Re4 Nh6 28. fxe5 Bxe5 29. Rh4 Qg5 30. Rf1 Bxg3 31. Qxd4+ Be5 32. Qe4 d5 33. Qxd5 Bh2+ 34. Kxh2 Qxh4+ 35. Kg1 Qg3 36. Qf3 Qe5 37. Qf6+ Qxf6 38. Rxf6 Ng4 39. Re6 Kg7 40. d4 Kf7 41. Re2 Rd8 42. c3 b6 43. Bf3 Nf6 44. Kf2 Rd7 45. Kg3 Ng8 46. Bg4 Rd6 47. d5 Ne7 48. Be6+ Kf6 49. c4 Ng6 50. Rf2+ Ke5 51. Rf7 h5 52. Rxa7 h4+ 53. Kg4 Nf4 54. Bf5 Ng2 55. Re7+ Kf6 56. Re2 h3 57. Be4 h2 58. Bxg2 Kf7 59. Kg3 1-0

[Event "25th Klatovy A 2017"]
[Site "Klatovy CZE"]
[Date "2017.07.03"]
[Round "3.8"]
[White "Jurek, Josef"]
[Black "Pick, Stepan"]
[Result "1-0"]
[WhiteElo "2263"]
[BlackElo "2105"]
[PlyCount "99"]
[EventDate "2017.07.01"]
[EventType "swiss"]
[EventRounds "9"]
[EventCountry "CZE"]
[SourceTitle "EXT 2018"]
[Source "ChessBase"]
[SourceDate "2017.10.13"]
[SourceVersion "1"]
[SourceVersionDate "2017.10.13"]
[SourceQuality "1"]

1. Nf3 f5 2. g3 Nf6 3. Bg2 e6 4. O-O Be7 5. c4 O-O 6. d4 d6 7. b3 a5 8. Nc3 Ne4 9. Bb2 Bf6 10. Qc2 Nxc3 11. Bxc3 Nc6 12. Rad1 Qe8 13. e4 e5 14. dxe5 dxe5 15. exf5 Qh5 16. Qb2 Bxf5 17. Nxe5 Nxe5 18. Bxe5 c6 19. Bxf6 Rxf6 20. Qe5 a4 21. Qc7 Rf7 22. Rd8+ Rxd8 23. Qxd8+ Rf8 24. Qc7 axb3 25. axb3 Qf7 26. Qxf7+ Kxf7 27. Bf3 Ra8 28. g4 Be6 29. Re1 h6 30. Kg2 Ra3 31. Re3 g5 32. Kg3 Kf6 33. h3 Bd7 34. Be4 Be6 35. Bc2 Ra2 36. Bf5 Bxf5 37. Rf3 Ke6 38. Rxf5 Rb2 39. Rf3 Ke7 40. h4 Ke6 41. hxg5 hxg5 42. c5 Rc2 43. Rf5 Rc3+ 44. f3 Rxb3 45. Rxg5 b5 46. cxb6 Rxb6 47. f4 Kd6 48. Rg8 Rb1 49. Kh4 c5 50. f5 1-0

[Event "25th Klatovy A 2017"]
[Site "Klatovy CZE"]
[Date "2017.07.03"]
[Round "3.9"]
[White "Lacina, Adolf"]
[Black "Kotal, Vaclav"]
[Result "1-0"]
[WhiteElo "2237"]
[BlackElo "2070"]
[PlyCount "113"]
[EventDate "2017.07.01"]
[EventType "swiss"]
[EventRounds "9"]
[EventCountry "CZE"]
[SourceTitle "EXT 2018"]
[Source "ChessBase"]
[SourceDate "2017.10.13"]
[SourceVersion "1"]
[SourceVersionDate "2017.10.13"]
[SourceQuality "1"]

1. e4 c5 2. Nf3 Nc6 3. d4 cxd4 4. Nxd4 Nf6 5. Nc3 e5 6. Ndb5 d6 7. Bg5 a6 8. Na3 b5 9. Bxf6 gxf6 10. Nd5 Bg7 11. Bd3 Ne7 12. Nxe7 Qxe7 13. O-O O-O 14. Qh5 f5 15. c4 f4 16. cxb5 Rb8 17. Qe2 f5 18. Rfd1 f3 19. Qxf3 fxe4 20. Qxe4 Bf5 21. Qe2 e4 22. Bc2 Kh8 23. Nc4 Be5 24. Bb3 Bf4 25. Ne3 Rxb5 26. Rd5 Bd7 27. Rad1 Qg7 28. Rxb5 Bxb5 29. Bc4 Bxe3 30. fxe3 Bxc4 31. Qxc4 Qxb2 32. Qd4+ Qxd4 33. Rxd4 Rf5 34. Ra4 Rd5 35. Kf2 a5 36. Kg3 Rg5+ 37. Kf2 Rd5 38. h4 Kg7 39. Kg3 Kf6 40. Kf4 Rd2 41. Rxa5 Rxg2 42. a4 Rh2 43. Rh5 Kg6 44. Rg5+ Kf6 45. Rf5+ Ke6 46. Rh5 Ra2 47. a5 d5 48. Rh6+ Kf7 49. Rxh7+ Kg6 50. Ra7 Kh5 51. a6 Kg6 52. Ke5 Ra5 53. Ra8 Kg7 54. a7 Kh7 55. h5 Kg7 56. h6+ Kh7 57. Kd4 1-0

[Event "25th Klatovy A 2017"]
[Site "Klatovy CZE"]
[Date "2017.07.03"]
[Round "3.10"]
[White "Toman, Ondrej"]
[Black "Svanda, Ondrej"]
[Result "1-0"]
[WhiteElo "2206"]
[BlackElo "2061"]
[PlyCount "103"]
[EventDate "2017.07.01"]
[EventType "swiss"]
[EventRounds "9"]
[EventCountry "CZE"]
[SourceTitle "EXT 2018"]
[Source "ChessBase"]
[SourceDate "2017.10.13"]
[SourceVersion "1"]
[SourceVersionDate "2017.10.13"]
[SourceQuality "1"]

1. e4 c5 2. Nf3 g6 3. c3 Bg7 4. d4 cxd4 5. cxd4 d5 6. e5 Nc6 7. Bb5 Nh6 8. Nc3 Bg4 9. h3 Bxf3 10. Qxf3 O-O 11. Be3 Nf5 12. Bxc6 bxc6 13. O-O Qb6 14. Na4 Qb4 15. Qd1 f6 16. e6 Nd6 17. b3 Nb7 18. Re1 Qd6 19. Bc1 f5 20. Bb2 Bh6 21. Qe2 Rac8 22. Qa6 Qb8 23. Ba3 Rfe8 24. Re2 Bg7 25. Rd1 Nd6 26. Rc2 Nb5 27. Bb2 Qd6 28. Nc5 Qf4 29. g3 Qd6 30. a4 Nc7 31. Qe2 Rb8 32. Bc1 Rb4 33. Bf4 Qd8 34. Bxc7 Qxc7 35. Na6 Qd6 36. Nxb4 Qxb4 37. Rxc6 Qxb3 38. Rc5 Qxa4 39. Rxd5 Rc8 40. Rd7 Bf6 41. h4 Rc2 42. Qf3 Qc4 43. Rxa7 Qxe6 44. d5 Qd6 45. Qb3 Rc8 46. Qb7 Rd8 47. Ra8 Rxa8 48. Qxa8+ Kf7 49. Qc6 h5 50. Qxd6 exd6 51. f4 Bc3 52. Kf1 1-0

[Event "25th Klatovy A 2017"]
[Site "Klatovy CZE"]
[Date "2017.07.03"]
[Round "3.11"]
[White "Duhayon, Yves"]
[Black "Nemec, David"]
[Result "1/2-1/2"]
[WhiteElo "2198"]
[BlackElo "2043"]
[PlyCount "56"]
[EventDate "2017.07.01"]
[EventType "swiss"]
[EventRounds "9"]
[EventCountry "CZE"]
[SourceTitle "EXT 2018"]
[Source "ChessBase"]
[SourceDate "2017.10.13"]
[SourceVersion "1"]
[SourceVersionDate "2017.10.13"]
[SourceQuality "1"]

1. d4 Nf6 2. c4 e6 3. Nc3 d5 4. cxd5 exd5 5. Bg5 Be7 6. e3 O-O 7. Bd3 c6 8. Qc2 Nbd7 9. Nf3 Re8 10. O-O Nf8 11. h3 Nh5 12. Bxe7 Qxe7 13. Rfe1 Nf6 14. Rab1 Ne4 15. Bxe4 dxe4 16. Nd2 f5 17. f4 exf3 18. Nxf3 Be6 19. b4 Rac8 20. a3 Nd7 21. Rbc1 Nf6 22. Ne5 g6 23. Qf2 Bd5 24. Qh4 Kg7 25. Re2 Qe6 26. Rec2 Bb3 27. Rb2 Bd5 28. Rbc2 Bb3 1/2-1/2

[Event "25th Klatovy A 2017"]
[Site "Klatovy CZE"]
[Date "2017.07.03"]
[Round "3.12"]
[White "Hajek, Jiri2"]
[Black "Hadraba, Vladimir"]
[Result "1/2-1/2"]
[WhiteElo "2013"]
[BlackElo "2197"]
[PlyCount "128"]
[EventDate "2017.07.01"]
[EventType "swiss"]
[EventRounds "9"]
[EventCountry "CZE"]
[SourceTitle "EXT 2018"]
[Source "ChessBase"]
[SourceDate "2017.10.13"]
[SourceVersion "1"]
[SourceVersionDate "2017.10.13"]
[SourceQuality "1"]

1. e4 c5 2. Nf3 e6 3. d4 cxd4 4. Nxd4 a6 5. c4 Nf6 6. Nc3 Qc7 7. Be3 b6 8. Be2 Bb7 9. f3 d6 10. O-O Be7 11. Rc1 O-O 12. g4 h6 13. h4 Nh7 14. Qe1 Qd8 15. Bf2 Nd7 16. Rd1 Qc7 17. Bg3 Ne5 18. b3 Nc6 19. Nc2 Rac8 20. f4 Na7 21. Ne3 b5 22. Bf3 bxc4 23. Nxc4 Nb5 24. Ne2 Na3 25. Rc1 Nxc4 26. Rxc4 Qd7 27. Rxc8 Rxc8 28. Qb1 Qb5 29. Rc1 Rxc1+ 30. Nxc1 d5 31. e5 Bc5+ 32. Bf2 Bxf2+ 33. Kxf2 Qc5+ 34. Kg2 Qe3 35. Nd3 a5 36. b4 axb4 37. Qxb4 Ba6 38. Nc5 Bf1+ 39. Kxf1 Qxf3+ 40. Ke1 Nf8 41. a4 Qe3+ 42. Kd1 d4 43. Qd2 Qf3+ 44. Kc2 Qd5 45. Qb4 Ng6 46. Nb3 Nxf4 47. Qxd4 Qc6+ 48. Kb2 Nd5 49. a5 Qb5 50. Ka3 g6 51. Qc5 Qe2 52. Qc8+ Kg7 53. a6 Qxe5 54. a7 Qd6+ 55. Kb2 Nb6 56. a8=Q Nxa8 57. Qxa8 Qh2+ 58. Kc3 Qg3+ 59. Kc2 Qxg4 60. Qh1 h5 61. Nd2 g5 62. hxg5 Qxg5 63. Nf3 Qg4 64. Kd2 f6 1/2-1/2

[Event "25th Klatovy A 2017"]
[Site "Klatovy CZE"]
[Date "2017.07.03"]
[Round "3.13"]
[White "Kostelecky, Daniel"]
[Black "Furman, Boris"]
[Result "1/2-1/2"]
[WhiteElo "1908"]
[BlackElo "2177"]
[PlyCount "83"]
[EventDate "2017.07.01"]
[EventType "swiss"]
[EventRounds "9"]
[EventCountry "CZE"]
[SourceTitle "EXT 2018"]
[Source "ChessBase"]
[SourceDate "2017.10.13"]
[SourceVersion "1"]
[SourceVersionDate "2017.10.13"]
[SourceQuality "1"]

1. e4 c5 2. Nf3 Nc6 3. d4 cxd4 4. Nxd4 Nf6 5. Nc3 d6 6. Bg5 e6 7. Qd2 Be7 8. O-O-O O-O 9. f4 d5 10. e5 Nd7 11. Bxe7 Qxe7 12. Nf3 Nb6 13. a3 Bd7 14. Kb1 Rac8 15. Nb5 h6 16. Bd3 Rb8 17. g4 a6 18. Nd6 f6 19. Rhf1 fxe5 20. fxe5 Rxf3 21. Rxf3 Nxe5 22. Rh3 Qxd6 23. g5 Nec4 24. Qe2 Qe5 25. Qxe5 Nxe5 26. gxh6 Nxd3 27. Rdxd3 Rf8 28. Rhg3 Rf7 29. Rb3 Bb5 30. Rbe3 d4 31. Re4 Kh7 32. hxg7 Rxg7 33. Rxg7+ Kxg7 34. Rxe6 Bc6 35. b3 Nd5 36. Rd6 Kf7 37. Kb2 Ke7 38. Rg6 Nf6 39. h4 Be4 40. Rg5 Bf3 41. Rg3 Be4 42. Rg5 1/2-1/2

[Event "25th Klatovy A 2017"]
[Site "Klatovy CZE"]
[Date "2017.07.03"]
[Round "3.14"]
[White "Ruzickova, Radka"]
[Black "Kozak, Milos"]
[Result "1/2-1/2"]
[WhiteElo "1836"]
[BlackElo "2138"]
[PlyCount "173"]
[EventDate "2017.07.01"]
[EventType "swiss"]
[EventRounds "9"]
[EventCountry "CZE"]
[SourceTitle "EXT 2018"]
[Source "ChessBase"]
[SourceDate "2017.10.13"]
[SourceVersion "1"]
[SourceVersionDate "2017.10.13"]
[SourceQuality "1"]

1. e4 c6 2. Nc3 d5 3. Nf3 Nf6 4. e5 Ne4 5. d4 Nxc3 6. bxc3 e6 7. a4 c5 8. Bd3 c4 9. Be2 Qa5 10. Bd2 Bd7 11. O-O Bc6 12. Ng5 h6 13. Nh3 Nd7 14. f4 g6 15. Qe1 O-O-O 16. Qh4 Re8 17. Rfb1 Be7 18. Qe1 Nb6 19. Rb4 Nxa4 20. Qb1 Bxb4 21. cxb4 Qb5 22. c3 Qa6 23. Nf2 b5 24. Ng4 Qb7 25. Qa2 Kb8 26. Nf6 Rc8 27. Bd1 Nb6 28. h4 Nd7 29. Nxd7+ Qxd7 30. Bg4 Rc7 31. Be3 h5 32. Bf3 Qe7 33. g3 Rhc8 34. Qa6 Be8 35. f5 Qd7 36. f6 Qc6 37. Qa5 Rb7 38. Bh6 Bd7 39. Bf4 Re8 40. Kf2 Rc7 41. Ke2 Rec8 42. Kd2 Rb7 43. Kc2 Rcc7 44. Qa3 Ka8 45. Qb2 Rb6 46. Ra5 Bc8 47. Qa3 Ra6 48. Rxa6 Bxa6 49. Bd1 Bb7 50. Bc1 Bc8 51. Qa1 Rb7 52. Ba3 Kb8 53. Qc1 Bd7 54. Kb2 a6 55. Ka2 Ra7 56. Kb2 Qb6 57. Bc2 Be8 58. Bb1 Ka8 59. Kc2 Kb7 60. Kb2 a5 61. bxa5 Qxa5 62. Bb4 Qa1+ 63. Kc2 Qa4+ 64. Kd2 Qa6 65. Ke3 Qc6 66. Qb2 Ra6 67. Kf4 Qc8 68. Ke3 Bd7 69. Kf3 Qg8 70. Qc1 Ra1 71. Qb2 Ra8 72. Qc1 Ra4 73. Bc5 Ra1 74. Bb4 Qa8 75. Qc2 Be8 76. Qb2 Qa4 77. Bc2 Qa8 78. Bb1 Kc6 79. Be7 Qa5 80. Bb4 Qa8 81. Be7 Qa4 82. Ke2 Qa5 83. Bb4 Qa4 84. Be7 Qa5 85. Bb4 Qa8 86. Be7 Qa4 87. Bb4 1/2-1/2

[Event "25th Klatovy A 2017"]
[Site "Klatovy CZE"]
[Date "2017.07.03"]
[Round "3.15"]
[White "Hausner, Ivan"]
[Black "Sprenar, Petr"]
[Result "1-0"]
[WhiteElo "2363"]
[BlackElo "2042"]
[PlyCount "115"]
[EventDate "2017.07.01"]
[EventType "swiss"]
[EventRounds "9"]
[EventCountry "CZE"]
[SourceTitle "EXT 2018"]
[Source "ChessBase"]
[SourceDate "2017.10.13"]
[SourceVersion "1"]
[SourceVersionDate "2017.10.13"]
[SourceQuality "1"]

1. d4 Nf6 2. c4 e6 3. g3 Bb4+ 4. Bd2 Bxd2+ 5. Qxd2 d6 6. Nf3 b6 7. Nc3 Bb7 8. d5 O-O 9. Bg2 Nbd7 10. O-O e5 11. e4 a5 12. Ne1 Nc5 13. b3 Qe7 14. Nd3 Nfd7 15. Rae1 Nxd3 16. Qxd3 Nc5 17. Qc2 Bc8 18. f4 Bd7 19. f5 f6 20. Rf3 g5 21. g4 Kg7 22. h4 h6 23. Rh3 Rh8 24. Bf3 Rag8 25. Kf2 Kf8 26. Reh1 Qg7 27. Qd2 Be8 28. hxg5 hxg5 29. Bd1 Rxh3 30. Rxh3 Rh8 31. Qe3 Rh6 32. Kg2 Qh8 33. Bc2 Rxh3 34. Qxh3 Qxh3+ 35. Kxh3 Ke7 36. Kg3 Na6 37. a3 Kd8 38. Kf2 Nc5 39. Ke3 Kc8 40. Kd2 Kb7 41. Ne2 b5 42. b4 axb4 43. axb4 Na6 44. Kc3 bxc4 45. Ng3 Nb8 46. Nh5 Bxh5 47. gxh5 g4 48. Kd2 Nd7 49. Bd1 g3 50. Ke3 Kb6 51. Ba4 c3 52. Kf3 Nf8 53. Kxg3 Nh7 54. Kf3 Ng5+ 55. Ke3 c2 56. Kd2 Nxe4+ 57. Kxc2 Ng5 58. Be8 1-0

[Event "25th Klatovy A 2017"]
[Site "Klatovy CZE"]
[Date "2017.07.03"]
[Round "3.16"]
[White "Zak, Pavel"]
[Black "Bujnoch, Radek"]
[Result "1/2-1/2"]
[WhiteElo "2038"]
[BlackElo "2261"]
[PlyCount "35"]
[EventDate "2017.07.01"]
[EventType "swiss"]
[EventRounds "9"]
[EventCountry "CZE"]
[SourceTitle "EXT 2018"]
[Source "ChessBase"]
[SourceDate "2017.10.13"]
[SourceVersion "1"]
[SourceVersionDate "2017.10.13"]
[SourceQuality "1"]

1. Nf3 d5 2. c4 c6 3. d4 Nf6 4. Bf4 e6 5. Nbd2 Nbd7 6. e3 Be7 7. c5 a5 8. Qa4 b5 9. Qc2 Nh5 10. Ne5 Nxe5 11. Bxe5 f6 12. Bg3 g6 13. Be2 Nxg3 14. hxg3 O-O 15. Nf3 Qc7 16. Nh4 Kg7 17. Bd3 f5 18. f4 1/2-1/2

[Event "25th Klatovy A 2017"]
[Site "Klatovy CZE"]
[Date "2017.07.03"]
[Round "3.17"]
[White "Slovak, Kilian"]
[Black "Krauskopfova, Lenka 1996"]
[Result "1-0"]
[WhiteElo "2254"]
[BlackElo "1986"]
[PlyCount "81"]
[EventDate "2017.07.01"]
[EventType "swiss"]
[EventRounds "9"]
[EventCountry "CZE"]
[SourceTitle "EXT 2018"]
[Source "ChessBase"]
[SourceDate "2017.10.13"]
[SourceVersion "1"]
[SourceVersionDate "2017.10.13"]
[SourceQuality "1"]

1. e4 e6 2. d4 d5 3. Nc3 Nf6 4. Bg5 Be7 5. e5 Nfd7 6. h4 a6 7. Qg4 c5 8. Bxe7 Qxe7 9. Qxg7 Qf8 10. Qxf8+ Rxf8 11. dxc5 Nxc5 12. Nf3 h6 13. O-O-O Nc6 14. Bd3 Bd7 15. a3 Nxd3+ 16. cxd3 Rc8 17. Kb1 Rg8 18. g3 Rg4 19. Rc1 Ke7 20. Ne2 Rgg8 21. Rc3 Na7 22. Rhc1 Bb5 23. Ned4 Rxc3 24. Rxc3 Kd7 25. Kc2 Rf8 26. Kd2 f6 27. Ke3 fxe5 28. Nxe5+ Kd6 29. f4 h5 30. Rc1 Rg8 31. Rg1 Be8 32. g4 Nc6 33. Ndxc6 bxc6 34. g5 Bg6 35. Rc1 c5 36. b4 d4+ 37. Kd2 Bf5 38. Rxc5 Ra8 39. Nc4+ Ke7 40. Rc7+ Kd8 41. Rg7 1-0

[Event "25th Klatovy A 2017"]
[Site "Klatovy CZE"]
[Date "2017.07.03"]
[Round "3.18"]
[White "Strnad, Jakub"]
[Black "Trmal, Jaroslav"]
[Result "1-0"]
[WhiteElo "1980"]
[BlackElo "2201"]
[PlyCount "69"]
[EventDate "2017.07.01"]
[EventType "swiss"]
[EventRounds "9"]
[EventCountry "CZE"]
[SourceTitle "EXT 2018"]
[Source "ChessBase"]
[SourceDate "2017.10.13"]
[SourceVersion "1"]
[SourceVersionDate "2017.10.13"]
[SourceQuality "1"]

1. e4 e5 2. Nf3 Nc6 3. Bb5 a6 4. Ba4 Nf6 5. O-O Be7 6. Re1 b5 7. Bb3 O-O 8. h3 d6 9. c3 Nb8 10. d4 Nbd7 11. a4 Bb7 12. Nbd2 Re8 13. axb5 axb5 14. Rxa8 Bxa8 15. Ng5 Rf8 16. Bc2 g6 17. Nf1 c6 18. Ne3 c5 19. d5 Nxd5 20. Nxf7 Nxe3 21. Nh6+ Kg7 22. Bxe3 Nf6 23. Ng4 Nxg4 24. Qxg4 Bc6 25. Ra1 Qc7 26. f4 h5 27. Qg3 exf4 28. Bxf4 Be8 29. e5 Rxf4 30. Qxf4 dxe5 31. Qe4 Qd6 32. Ra7 c4 33. Qb7 Kf8 34. Ra8 Kf7 35. Qf3+ 1-0

[Event "25th Klatovy A 2017"]
[Site "Klatovy CZE"]
[Date "2017.07.03"]
[Round "3.19"]
[White "Bartos, Jan"]
[Black "Kejzlar, Lubos"]
[Result "1/2-1/2"]
[WhiteElo "2189"]
[BlackElo "1940"]
[PlyCount "92"]
[EventDate "2017.07.01"]
[EventType "swiss"]
[EventRounds "9"]
[EventCountry "CZE"]
[SourceTitle "EXT 2018"]
[Source "ChessBase"]
[SourceDate "2017.10.13"]
[SourceVersion "1"]
[SourceVersionDate "2017.10.13"]
[SourceQuality "1"]

1. d4 d6 2. Nf3 Bg4 3. c4 Nd7 4. Nc3 Bxf3 5. exf3 Ngf6 6. g3 e6 7. d5 exd5 8. cxd5 Be7 9. Bg2 O-O 10. O-O Nb6 11. f4 Qd7 12. a4 a5 13. Qb3 Qc8 14. Be3 Nbd7 15. Qc4 Ra6 16. Rac1 c6 17. dxc6 bxc6 18. Qe2 Nb8 19. Nb5 Qd7 20. Nd4 d5 21. Nb3 Re8 22. Qd3 Ra8 23. Bc5 Na6 24. Bxe7 Rxe7 25. Nxa5 Nb4 26. Qa3 Rxa5 27. Qxb4 Ra7 28. a5 g6 29. Qa4 Ne4 30. Rfe1 c5 31. Qxd7 Rexd7 32. Bxe4 dxe4 33. Rxc5 Rd4 34. f5 g5 35. f6 h6 36. Rb5 Rc7 37. b4 Rc2 38. Rc5 Ra2 39. Rb5 Rdd2 40. Rf5 Rd4 41. Rb1 e3 42. fxe3 Rdd2 43. a6 Rg2+ 44. Kh1 Rxh2+ 45. Kg1 Rhg2+ 46. Kf1 Rh2 1/2-1/2

[Event "25th Klatovy A 2017"]
[Site "Klatovy CZE"]
[Date "2017.07.03"]
[Round "3.20"]
[White "Zeman, Matyas"]
[Black "Spicka, Jan"]
[Result "1-0"]
[WhiteElo "2166"]
[BlackElo "1959"]
[PlyCount "39"]
[EventDate "2017.07.01"]
[EventType "swiss"]
[EventRounds "9"]
[EventCountry "CZE"]
[SourceTitle "EXT 2018"]
[Source "ChessBase"]
[SourceDate "2017.10.13"]
[SourceVersion "1"]
[SourceVersionDate "2017.10.13"]
[SourceQuality "1"]

1. d4 Nf6 2. Bf4 g6 3. Nc3 Bg7 4. e4 d6 5. Qd2 Nbd7 6. O-O-O O-O 7. e5 Nh5 8. Bh6 Nb6 9. Be2 Bxh6 10. Qxh6 Ng7 11. g4 f5 12. Nh3 Ne6 13. d5 Nxd5 14. Nxd5 Rf7 15. gxf5 Rxf5 16. Bg4 Rxe5 17. Bxe6+ Bxe6 18. Ng5 Rxg5 19. Qxg5 Bxd5 20. Qxd5+ 1-0

[Event "25th Klatovy A 2017"]
[Site "Klatovy CZE"]
[Date "2017.07.03"]
[Round "3.21"]
[White "Hlozek, David"]
[Black "Hurdzan, Tomas"]
[Result "0-1"]
[WhiteElo "1890"]
[BlackElo "2164"]
[PlyCount "50"]
[EventDate "2017.07.01"]
[EventType "swiss"]
[EventRounds "9"]
[EventCountry "CZE"]
[SourceTitle "EXT 2018"]
[Source "ChessBase"]
[SourceDate "2017.10.13"]
[SourceVersion "1"]
[SourceVersionDate "2017.10.13"]
[SourceQuality "1"]

1. e4 g6 2. d4 Bg7 3. Nc3 d6 4. f4 Nc6 5. Be3 Nf6 6. Nf3 O-O 7. h3 Nh5 8. Bb5 a6 9. Bd3 e5 10. fxe5 dxe5 11. d5 Nd4 12. Bxd4 exd4 13. Ne2 c5 14. O-O b5 15. c3 c4 16. Bb1 d3 17. Ned4 Re8 18. Re1 Ng3 19. Nc6 Qb6+ 20. Kh2 Nxe4 21. Nd2 Bf5 22. a4 Qf2 23. Nxe4 Bxe4 24. Rg1 Bxd5 25. Nd4 Be5+ 0-1

[Event "25th Klatovy A 2017"]
[Site "Klatovy CZE"]
[Date "2017.07.03"]
[Round "3.22"]
[White "Kaderabek, Jiri"]
[Black "Srba, Stanislav"]
[Result "1-0"]
[WhiteElo "2137"]
[BlackElo "1924"]
[PlyCount "57"]
[EventDate "2017.07.01"]
[EventType "swiss"]
[EventRounds "9"]
[EventCountry "CZE"]
[SourceTitle "EXT 2018"]
[Source "ChessBase"]
[SourceDate "2017.10.13"]
[SourceVersion "1"]
[SourceVersionDate "2017.10.13"]
[SourceQuality "1"]

1. e4 e6 2. d4 d5 3. Nc3 Bb4 4. e5 c5 5. a3 Bxc3+ 6. bxc3 Nc6 7. Nf3 c4 8. Ng5 h6 9. Qh5 g6 10. Qh3 f6 11. Nf3 fxe5 12. Qg3 Qf6 13. dxe5 Qf5 14. Be2 Nge7 15. O-O Bd7 16. Ra2 g5 17. Nd4 Qxe5 18. f4 Qd6 19. Bh5+ Kd8 20. a4 gxf4 21. Qh4 e5 22. Ba3 Qc7 23. Qf6 Rg8 24. Bd6 Qb6 25. a5 Qa6 26. Nxc6+ Qxc6 27. Qxe7+ Kc8 28. Bf7 Rd8 29. Bxe5 1-0

[Event "25th Klatovy A 2017"]
[Site "Klatovy CZE"]
[Date "2017.07.03"]
[Round "3.23"]
[White "Molkanov, Oleg 2001"]
[Black "Kubat, Martin"]
[Result "1/2-1/2"]
[WhiteElo "2117"]
[BlackElo "1828"]
[PlyCount "82"]
[EventDate "2017.07.01"]
[EventType "swiss"]
[EventRounds "9"]
[EventCountry "CZE"]
[SourceTitle "EXT 2018"]
[Source "ChessBase"]
[SourceDate "2017.10.13"]
[SourceVersion "1"]
[SourceVersionDate "2017.10.13"]
[SourceQuality "1"]

1. Nf3 Nf6 2. d4 g6 3. c4 Bg7 4. Nc3 d6 5. e4 O-O 6. Be2 e5 7. d5 Nbd7 8. Bg5 h6 9. Bh4 a6 10. Nd2 g5 11. Bg3 Ne8 12. Bg4 Nc5 13. Bxc8 Rxc8 14. Qe2 f5 15. f3 fxe4 16. Ndxe4 Nxe4 17. Nxe4 Nf6 18. h4 Nxe4 19. Qxe4 Qf6 20. O-O Qf5 21. Rfe1 gxh4 22. Bxh4 Qxe4 23. Rxe4 Rf4 24. Rae1 Rcf8 25. b3 Rxe4 26. Rxe4 Bf6 27. Bg3 Bg5 28. Kf2 Kh7 29. Ke2 Bc1 30. c5 Rg8 31. Kf2 Bb2 32. cxd6 cxd6 33. Bh4 Bd4+ 34. Kf1 Rg7 35. Bf2 Bxf2 36. Kxf2 Rc7 37. Rb4 b5 38. a4 Rc5 39. axb5 axb5 40. Ke3 Rxd5 41. Ke4 Rc5 1/2-1/2